Oregon Caves National Monument : geologic resources inventory report /

Bibliographic Details
Main Author: KellerLynn, Katie (Author)
Format: Government Document eBook
Language:English
Published: Denver, CO : Fort Collins, Colorado : National Park Service, Geologic Resources Division ; U.S. Department of the Interior, National Park Service, Natural Resource Stewardship and Science, 2011.
Series:Natural resources report ; 2011/457.
Subjects:
Online Access:https://purl.fdlp.gov/GPO/gpo129952

MARC

Tag First Indicator Second Indicator Subfields
LEADER 00000cam a2200000 i 4500
001 in00004134413
005 20211120103528.0
006 m o d f
007 cr |||||||||||
008 191223s2011 couab ob f000 0 eng c
035 |a (OCoLC)on1132720676 
042 |a pcc 
043 |a n-us-or 
040 |a GPO  |b eng  |e rda  |e pn  |c GPO  |d MvI 
049 |a WWW 
074 |a 0646-R (online) 
086 0 |a I 29.89:2011/457 
088 |a NPS 150/110572 
100 1 |a KellerLynn, Katie,  |e author. 
245 1 0 |a Oregon Caves National Monument :  |b geologic resources inventory report /  |c Katie KellerLynn. 
246 1 7 |a ORCA geologic resources inventory report 
264 1 |a Denver, CO :  |b National Park Service, Geologic Resources Division ;  |a Fort Collins, Colorado :  |b U.S. Department of the Interior, National Park Service, Natural Resource Stewardship and Science,  |c 2011. 
300 |a 1 online resource (approximately 82 pages) :  |b color illustrations, color maps. 
336 |a text  |b txt  |2 rdacontent 
337 |a computer  |b c  |2 rdamedia 
338 |a online resource  |b cr  |2 rdacarrier 
490 1 |a Natural resource report ; ;  |v NPS/NRSS/GRD/NRR--2011/457 
500 |a "September 2011." 
500 |a "NPS 150/110572"--Page ii. 
500 |a "Experience your America"--Page 4 of cover. 
504 |a Includes bibliographical references (pages 47-52). 
588 |a Description based on online resource; title from PDF title page (NPS website, viewed December 23, 2019). 
651 0 |a Oregon Caves National Monument (Or.)  |x Management. 
650 0 |a Geology  |z Oregon  |z Oregon Caves National Monument. 
650 0 |a National monuments  |z Oregon  |z Oregon Caves National Monument. 
710 1 |a United States.  |b National Park Service.  |b Natural Resource Stewardship and Science,  |e issuing body. 
776 0 8 |i Print version:  |a KellerLynn, Katie.  |t Oregon Caves National Monument  |w (OCoLC)762137229 
830 0 |a Natural resources report ;  |v 2011/457. 
856 4 0 |u https://purl.fdlp.gov/GPO/gpo129952  |t 0 
999 f f |s e8329273-5699-372b-b620-b954834aed8c  |i 85399e2a-1110-3d5c-b690-30dbbea9a6c5  |t 0 
952 f f |a Texas A&M University  |b College Station  |c Electronic Resources  |d Available Online  |t 0  |e I 29.89:2011/457  |h Superintendent of Documents classification 
998 f f |a I 29.89:2011/457  |t 0  |l Available Online